Who Said It: To Kill a Mockingbird Quiz Stats

 Plays Quiz Updated Mar 18, 2020

Support Sporcle.
Go Orange.
Score 0/40 Timer 08:00
0 Plays Today
% Correct
Atticus
78.6%
Atticus
77.1%
Dill
74.4%
Jem
73.7%
Scout
73.4%
Atticus
73.3%
Atticus
72.9%
Miss Caroline
72.6%
Tom Robinson
71.8%
Scout
70.3%
Atticus
69.6%
Jem
69.2%
Sheriff Tate
68.4%
Atticus
68.3%
Tom Robinson
67.9%
Mrs. Dubose
66.7%
Jem
66.5%
Jem
65.9%
Atticus
64.3%
Bob Ewell
62.5%
% Correct
Sheriff Tate
62.5%
Dolphus Raymond
61.9%
Nathan Radley
61.3%
Walter Cunningham Jr.
61.1%
Tom Robinson
59.5%
Miss Maudie
59.3%
Dill
59.1%
Mayella Ewell
59%
Sheriff Tate
59%
Rev. Sykes
58.5%
Scout
58.3%
Scout
56.3%
Walter Cunningham Sr.
55.4%
Boo Radley
53.1%
Mr. Gilmer
51.8%
Francis
51.8%
Mayella Ewell
51.1%
Link Deas
50.4%
Jem
49%
Aunt Alexandra
46.2%

From the Vault

NCAA Basketball First Round Upsets

by caramba

Sports 15m
That painful moment when a team you picked to make the Final Four in your bracket gets knocked out in the first round...
Remove Ads.
Support Sporcle.
Get the best of Sporcle when you Go Orange. This ad-free experience offers more features, more stats, and more fun while also helping to support Sporcle. Thank you for becoming a member.

Show Comments

Extras

Top Quizzes Today


Score Distribution

Your Account Isn't Verified!

In order to create a playlist on Sporcle, you need to verify the email address you used during registration. Go to your Sporcle Settings to finish the process.

Report this User

Report this user for behavior that violates our Community Guidelines.

Details: